<?xml version="1.0" encoding="UTF-8"?>
<record
    xmlns:xsi="http://www.w3.org/2001/XMLSchema-instance"
    xsi:schemaLocation="http://www.loc.gov/MARC21/slim http://www.loc.gov/standards/marcxml/schema/MARC21slim.xsd"
    xmlns="http://www.loc.gov/MARC21/slim">

  <leader>03127nam a22004933  4500</leader>
  <controlfield tag="001">14046</controlfield>
  <controlfield tag="003">http://catalogue.bnf.fr/ark:/12148/cb473459203</controlfield>
  <controlfield tag="005">20260326104209.0</controlfield>
  <datafield tag="010" ind1=" " ind2=" ">
    <subfield code="a">9782351052082</subfield>
    <subfield code="d">17 EUR</subfield>
  </datafield>
  <datafield tag="073" ind1=" " ind2="0">
    <subfield code="a">9782351052082</subfield>
  </datafield>
  <datafield tag="090" ind1=" " ind2=" ">
    <subfield code="a">14046</subfield>
  </datafield>
  <datafield tag="099" ind1=" " ind2=" ">
    <subfield code="o">0</subfield>
  </datafield>
  <datafield tag="100" ind1=" " ind2=" ">
    <subfield code="a">20231016d2023    m  y0frey50      ba</subfield>
  </datafield>
  <datafield tag="101" ind1="0" ind2=" ">
    <subfield code="a">fre</subfield>
  </datafield>
  <datafield tag="102" ind1=" " ind2=" ">
    <subfield code="a">FR</subfield>
  </datafield>
  <datafield tag="105" ind1=" " ind2=" ">
    <subfield code="a">||||z   00|||</subfield>
  </datafield>
  <datafield tag="181" ind1=" " ind2="0">
    <subfield code="6">01</subfield>
    <subfield code="a">i </subfield>
    <subfield code="b">xxxe  </subfield>
  </datafield>
  <datafield tag="181" ind1=" " ind2=" ">
    <subfield code="6">02</subfield>
    <subfield code="c">txt</subfield>
    <subfield code="2">rdacontent</subfield>
  </datafield>
  <datafield tag="182" ind1=" " ind2="0">
    <subfield code="6">01</subfield>
    <subfield code="a">n</subfield>
  </datafield>
  <datafield tag="182" ind1=" " ind2=" ">
    <subfield code="6">02</subfield>
    <subfield code="c">n</subfield>
    <subfield code="2">rdamedia</subfield>
  </datafield>
  <datafield tag="200" ind1="1" ind2=" ">
    <subfield code="a">D&#xE9;sob&#xE9;ir</subfield>
    <subfield code="b">Texte imprim&#xE9;</subfield>
  </datafield>
  <datafield tag="200" ind1="1" ind2=" ">
    <subfield code="c">Suivi de La tendresse</subfield>
  </datafield>
  <datafield tag="210" ind1=" " ind2=" ">
    <subfield code="a">Paris</subfield>
    <subfield code="c">&#xC9;ditions L'&#x152;il du prince</subfield>
    <subfield code="d">DL 2023</subfield>
    <subfield code="e">63-Riom</subfield>
    <subfield code="g">Impr. La Source d'Or</subfield>
  </datafield>
  <datafield tag="215" ind1=" " ind2=" ">
    <subfield code="a">1 vol. (171 p.)</subfield>
  </datafield>
  <datafield tag="215" ind1=" " ind2=" ">
    <subfield code="d">20 cm</subfield>
  </datafield>
  <datafield tag="323" ind1=" " ind2=" ">
    <subfield code="a">ind&#xE9;fini</subfield>
  </datafield>
  <datafield tag="330" ind1=" " ind2=" ">
    <subfield code="a">D&#xE9;sob&#xE9;ir &#x2013; Chacune &#xE0; sa mani&#xE8;re, quatre jeunes filles issues de la deuxi&#xE8;me ou troisi&#xE8;me g&#xE9;n&#xE9;ration d'immigration t&#xE9;moignent d'un NON pos&#xE9; comme acte fondateur. &#xAB; Non &#xBB; aux volont&#xE9;s du p&#xE8;re, aux injonctions de la communaut&#xE9;, face &#xE0; la double peine que sont le racisme et le machisme. S'opposer pour trouver sa voix et la faire entendre, pour pouvoir danser, faire du th&#xE9;&#xE2;tre, &#xE9;crire, prier. Arracher sa libert&#xE9;. Nous avons souhait&#xE9; raconter l'histoire de victoires, de victorieuses, d'obstin&#xE9;es, de d&#xE9;sob&#xE9;issantes. La Tendresse &#x2013; Ce titre agit comme un programme. Si les filles de D&#xE9;sob&#xE9;ir devaient mentir aux autres pour s'affranchir des injonctions de la famille, de la soci&#xE9;t&#xE9; ou de la tradition, les gar&#xE7;ons de La Tendresse, eux, ont souvent d&#xFB; se mentir &#xE0; eux-m&#xEA;mes pour appartenir au &#xAB; groupe des hommes &#xBB;. Chacun &#xE0; leur mani&#xE8;re, ils &#xE9;branlent les assignations d'une identit&#xE9; fond&#xE9;e sur la performance, la force, la domination de soi et des autres. Dans ce diptyque, nous avons entrepris d'&#xE9;branler les pr&#xE9;jug&#xE9;s et les grilles de perception que l'on peut projeter sur les paroles et les corps de la nouvelle g&#xE9;n&#xE9;ration. Les textes ont la forme de t&#xE9;moignages directs &#x2013; fictifs ou r&#xE9;els ? &#xAB; Organiser le pessimisme &#xBB;, pour reprendre la formule de Walter Benjamin, c'est d'abord le partage de nos exp&#xE9;riences. C'est ce qui permet de faire n&#xF4;tres nos h&#xE9;ritages. C'est ne pas laisser les forces de destruction m&#xE9;diatique nous assigner place et pens&#xE9;e. Nous avons tent&#xE9; de tracer les contours de ce que l'on pourrait nommer &#xAB; un th&#xE9;&#xE2;tre de la capacit&#xE9; &#xBB;.</subfield>
  </datafield>
  <datafield tag="608" ind1=" " ind2=" ">
    <subfield code="3">11977537</subfield>
    <subfield code="a">Th&#xE9;&#xE2;tre (genre litt&#xE9;raire) fran&#xE7;ais</subfield>
    <subfield code="3">11930812</subfield>
    <subfield code="x">Vingt et uni&#xE8;me si&#xE8;cle</subfield>
    <subfield code="2">rameau</subfield>
  </datafield>
  <datafield tag="610" ind1=" " ind2=" ">
    <subfield code="a">filiation</subfield>
    <subfield code="a">transg&#xE9;n&#xE9;rationnel </subfield>
    <subfield code="a">f&#xE9;minisme</subfield>
    <subfield code="a">&#xE9;mancipation</subfield>
  </datafield>
  <datafield tag="700" ind1=" " ind2=" ">
    <subfield code="a">B&#xE9;r&#xE8;s</subfield>
    <subfield code="b">Julie</subfield>
  </datafield>
  <datafield tag="700" ind1=" " ind2=" ">
    <subfield code="3">14671710</subfield>
    <subfield code="o">ISNI0000000001488600</subfield>
    <subfield code="4">070</subfield>
  </datafield>
  <datafield tag="701" ind1=" " ind2=" ">
    <subfield code="a">Keiss</subfield>
    <subfield code="b">Kevin</subfield>
  </datafield>
  <datafield tag="701" ind1=" " ind2=" ">
    <subfield code="a">Zeniter</subfield>
    <subfield code="b">Alice</subfield>
  </datafield>
  <datafield tag="701" ind1=" " ind2=" ">
    <subfield code="a">Guez</subfield>
    <subfield code="b">Lisa</subfield>
  </datafield>
  <datafield tag="701" ind1=" " ind2=" ">
    <subfield code="3">16656963</subfield>
    <subfield code="4">070</subfield>
  </datafield>
  <datafield tag="701" ind1=" " ind2=" ">
    <subfield code="3">14491201</subfield>
    <subfield code="4">070</subfield>
  </datafield>
  <datafield tag="701" ind1=" " ind2=" ">
    <subfield code="3">16682320</subfield>
    <subfield code="4">070</subfield>
  </datafield>
  <datafield tag="702" ind1=" " ind2=" ">
    <subfield code="a">Katuszewski</subfield>
    <subfield code="b">Pierre</subfield>
  </datafield>
  <datafield tag="702" ind1=" " ind2=" ">
    <subfield code="a">Tuaillon</subfield>
    <subfield code="b">Victoire</subfield>
  </datafield>
  <datafield tag="702" ind1=" " ind2=" ">
    <subfield code="3">14685485</subfield>
    <subfield code="4">080</subfield>
  </datafield>
  <datafield tag="702" ind1=" " ind2=" ">
    <subfield code="3">17862130</subfield>
    <subfield code="4">080</subfield>
  </datafield>
  <datafield tag="801" ind1=" " ind2="0">
    <subfield code="a">FR</subfield>
    <subfield code="b">FR-751131015</subfield>
    <subfield code="c">20231016</subfield>
    <subfield code="g">AFNOR</subfield>
    <subfield code="h">FRBNF473459200000004</subfield>
  </datafield>
  <datafield tag="856" ind1=" " ind2="2">
    <subfield code="u">803028</subfield>
    <subfield code="b">Premi&#xE8;re de couverture</subfield>
  </datafield>
  <datafield tag="856" ind1=" " ind2="2">
    <subfield code="u">803029</subfield>
    <subfield code="b">Quatri&#xE8;me de couverture</subfield>
  </datafield>
  <datafield tag="995" ind1=" " ind2=" ">
    <subfield code="2">0</subfield>
    <subfield code="5">2026-03-26</subfield>
    <subfield code="9">13937</subfield>
    <subfield code="c">JOL</subfield>
    <subfield code="f">JOL-007746</subfield>
    <subfield code="k">TH COLL X</subfield>
    <subfield code="o">0</subfield>
    <subfield code="b">JOL</subfield>
    <subfield code="r">LIVR</subfield>
  </datafield>
</record>
